Experimental Rock Mechanics/ (Record no. 1029)

000 -LEADER
fixed length control field 00301 a2200109 4500
020 ## - INTERNATIONAL STANDARD BOOK NUMBER
International Standard Book Number 0415394430
082 ## - DEWEY DECIMAL CLASSIFICATION NUMBER
Classification number 624.15132 MOG
100 ## - MAIN ENTRY--PERSONAL NAME
Personal name Mogi, Kiyoo
245 ## - TITLE STATEMENT
Title Experimental Rock Mechanics/
Statement of responsibility, etc. Kiyoo Mogi
260 ## - PUBLICATION, DISTRIBUTION, ETC.
Place of publication, distribution, etc. London :
Name of publisher, distributor, etc. Taylor and Francis Group,
Date of publication, distribution, etc. 2006
300 ## - PHYSICAL DESCRIPTION
Extent xiv, 361p. :
Other physical details ill. ;
Dimensions 25 cm
650 ## - SUBJECT ADDED ENTRY--TOPICAL TERM
Topical term or geographic name entry element Rock Mechanics
Holdings
Withdrawn status Lost status Damaged status Not for loan Permanent Location Current Location Shelving location Date acquired Total Checkouts Full call number Barcode Date last seen Date last checked out Price effective from Koha item type
        School of Civil and Environmental Engineering (SCEE) School of Civil and Environmental Engineering (SCEE)     1 624.15132 MOG NIT-4277 07/04/2025 06/25/2025 01/05/2017 Book
        School of Civil and Environmental Engineering (SCEE) School of Civil and Environmental Engineering (SCEE)         NIT-4321 01/05/2017   01/05/2017 Book
© 2023 Central Library, National University of Sciences and Technology. All Rights Reserved.